000
00319nam a2200109Ia 4500
008
200302s9999 xx 000 0 und d
100
_a
Office Of Deputy Prime Minister
245
_a
Safer Palaces : The Planning System And Crime Prevention
260
_b
Thomas telford Publishing Ltd.,
260
_c
2004
300
_a
107 P
999
_c
4844
_d
4844